export_success — 

Impact of Digital Transformation on the Development of New Business Models and Consumer Experience

Bibliographic Details
Other Authors: Rodrigues, Maria Antonia, Proenc?a, Joa?o F.
Format: Book
Published: Hershey: IGI Global, 2022.
Subjects:
LEADER 00951cam a2200265 7i4500
001 0000036965
005 20221102090000.0
008 220919t2022 eng
020 # # |a 9781799891802  
040 # # |a MATR 
090 0 0 |a B 338.064   |b IMP 
245 0 0 |a Impact of Digital Transformation on the Development of New Business Models and Consumer Experience   |c Maria Antonia Rodrigues & Joa?o F. Proenc?a. 
264 # 1 |a Hershey:   |b IGI Global,   |c 2022. 
300 # # |a xix, 347 pages:   |b illustrations;   |c 28 cm. 
336 # # |a text   |2 rdacontent 
337 # # |a unmediated   |2 rdamedia 
338 # # |a volume   |2 rdacarrier 
650 # 0 |a Customer relations  
650 # 0 |a Value  
650 # 0 |a Technological innovations --   |x Economic aspects  
650 # 0 |a New products  
650 # 0 |a Information technology --   |x Economic aspects  
700 1 # |a Rodrigues, Maria Antonia  
700 1 # |a Proenc?a, Joa?o F.  
999 |a B000041940  |b Book  |c Book  |e Business Information Centre